LIBRARY & INFORMATION CENTRE, KCAET, TAVANUR

ONLINE PUBLIC ACCESS CATALOGUE (OPAC)

Text book of temperate fruits / (Record no. 10986)

MARC details
000 -LEADER
fixed length control field 00479cam a2200181ua 4500
041 ## - LANGUAGE CODE
Language code of text/sound track or separate title eng
082 ## - DEWEY DECIMAL CLASSIFICATION NUMBER
Classification number 634.1
Item number CHA/TE
100 ## - MAIN ENTRY--AUTHOR NAME
Personal name Chadha, T R .
245 ## - TITLE STATEMENT
Title Text book of temperate fruits /
260 ## - PUBLICATION, DISTRIBUTION, ETC. (IMPRINT)
Place of publication :
Name of publisher Directorate of information and publications of agriculture ,
Year of publication 1995.
300 ## - PHYSICAL DESCRIPTION
Number of Pages 217 ; .
500 ## - GENERAL NOTE
General note ** Reference
942 ## - ADDED ENTRY ELEMENTS (KOHA)
Koha item type Books
Holdings
Withdrawn status Lost status Damaged status Home library Current library Date acquired Full call number Accession Number Koha item type
      KAUAET KAUAET 07/04/2012 634.1 CHA/TE 20499 Books
free website counter